MARC details
| 000 -LEADER |
| fixed length control field |
02129nam a2200337 a 4500 |
| 001 - CONTROL NUMBER |
| control field |
681 |
| 003 - CONTROL NUMBER IDENTIFIER |
| control field |
MYCC |
| 005 - DATE AND TIME OF LATEST TRANSACTION |
| control field |
20260204113157.0 |
| 008 - FIXED-LENGTH DATA ELEMENTS--GENERAL INFORMATION |
| fixed length control field |
260204s2025 nyu 000 0 eng d |
| 020 ## - INTERNATIONAL STANDARD BOOK NUMBER |
| International Standard Book Number |
9780593832691 |
| Qualifying information |
hardback |
| 020 ## - INTERNATIONAL STANDARD BOOK NUMBER |
| International Standard Book Number |
9780593832707 |
| Terms of availability |
(ebook) |
| 040 ## - CATALOGING SOURCE |
| Original cataloging agency |
MYCC |
| Language of cataloging |
eng |
| Transcribing agency |
MYCC |
| Modifying agency |
MYCC |
| Description conventions |
rda |
| 082 04 - DEWEY DECIMAL CLASSIFICATION NUMBER |
| Edition number |
23 |
| Classification number |
006.3 |
| 090 00 - LOCALLY ASSIGNED LC-TYPE CALL NUMBER (OCLC); LOCAL CALL NUMBER (RLIN) |
| Classification number (OCLC) (R) ; Classification number, CALL (RLIN) (NR) |
006.3 |
| Item number |
WIT |
| 100 1# - MAIN ENTRY--PERSONAL NAME |
| Personal name |
Witt, Stephen, |
| Relator term |
author. |
| 245 14 - TITLE STATEMENT |
| Title |
THE THINKING MACHINE : |
| Remainder of title |
Jensen Huang, Nvidia, and the World's Most Coveted Microchip / |
| Statement of responsibility, etc. |
Stephan Witt |
| 250 ## - EDITION STATEMENT |
| Edition statement |
First United State Edition |
| 264 #1 - PRODUCTION, PUBLICATION, DISTRIBUTION, MANUFACTURE, AND COPYRIGHT NOTICE |
| Place of production, publication, distribution, manufacture |
[New York] : |
| Name of producer, publisher, distributor, manufacturer |
Viking, |
| Date of production, publication, distribution, manufacture, or copyright notice |
[2025] |
| 300 ## - PHYSICAL DESCRIPTION |
| Extent |
xx, 248 pages : |
| Dimensions |
24 cm |
| 336 ## - CONTENT TYPE |
| Source |
rdacontent |
| Content type term |
text |
| 337 ## - MEDIA TYPE |
| Source |
rdamedia |
| Media type term |
unmediated |
| 338 ## - CARRIER TYPE |
| Source |
rdacarrier |
| Carrier type term |
volume |
| 500 ## - GENERAL NOTE |
| General note |
"Brief portions of this work originally appeared, in different form, in The New Yorker in 2023." -- Title page verso. |
| 505 0# - FORMATTED CONTENTS NOTE |
| Formatted contents note |
The Bridge -- Large-Scale Integration -- New Venture -- Thirty Days -- Going Parallel -- Jellyfish -- Deathmatch -- The Compulsion Loop -- CUDA -- Resonance - AlexNet -- O.I.A.L.O. -- Superintelligence -- The Good Year -- The Transformer -- Hyperscale -- Money -- Spaceships -- Power -- The Most Important Stock on Earth -- Jensen -- The Fear -- The Thinking Machine |
| 520 ## - SUMMARY, ETC. |
| Summary, etc. |
The Thinking Machine is the story of how Nvidia evolved to supplying hundred-million-dollar supercomputers. It is the story of a determined entrepreneur who defied Wall Street to push his radical vision for computing, becoming one of the wealthiest men alive. It is the story of a revolution in computer architecture, and the small group of renegade engineers who made it happen. And it’s the story of our awesome and terrifying AI future, which Huang has billed as the ‘next industrial revolution,’ as a new kind of microchip unlocks hyper-realistic avatars, autonomous robots, self-driving cars, and new movies, art, and books, generated on command. |
| 600 10 - SUBJECT ADDED ENTRY--PERSONAL NAME |
| Personal name |
Huang, Jensen, |
| Dates associated with a name |
1963- |
| 610 20 - SUBJECT ADDED ENTRY--CORPORATE NAME |
| Corporate name or jurisdiction name as entry element |
NVIDIA Corporation. |
| 650 #0 - SUBJECT ADDED ENTRY--TOPICAL TERM |
| Topical term or geographic name entry element |
Artificial intelligence |
| General subdivision |
Equipment and supplies. |
| 650 #0 - SUBJECT ADDED ENTRY--TOPICAL TERM |
| Topical term or geographic name entry element |
Integrated circuits. |
| 942 ## - ADDED ENTRY ELEMENTS (KOHA) |
| Source of classification or shelving scheme |
Dewey Decimal Classification |
| Koha item type |
Books |